Udabāʼ Tūnisīyūn /

محفوظ في:

المؤلف الرئيسي: Dhawwādī, Rashīd (مؤلف)

التنسيق: كتاب

اللغة: Arabic

منشور في: Tūnis : Dār al-Maghrib al-ʻArabī, 1972.

الموضوعات:

الوسوم: إضافة وسم

لا توجد وسوم, كن أول من يضع وسما على هذه التسجيلة!

رقم الطلب: PJ7521 .D45 1972

LEADER 00939nam a2200229Ia 4500
003 OSt
005 20231011083927.0
008 130303s1972 ti b 000c0 ara d
952 |0 0  |1 0  |2 lcc  |4 0  |6 PJ7521 D45 01972  |7 1  |9 50387  |a ARCE  |b ARCE  |d 2023-10-11  |l 0  |o PJ7521 .D45 1972  |r 2023-10-11 00:00:00  |w 2023-10-11  |y BK 
999 |c 28244  |d 28244 
040 |c ARCE Library 
050 4 |a PJ7521 .D45 1972 
100 1 |6 880-01  |a Dhawwādī, Rashīd,  |e author  |9 28983 
245 1 0 |6 880-02  |a Udabāʼ Tūnisīyūn /   |c Rashīd al-Dhawwādī. 
264 1 |a Tūnis :  |b Dār al-Maghrib al-ʻArabī,  |c 1972. 
300 |a 190 pages ;   |c 20 cm. 
504 |a Bibliography : pages 184-187. 
650 0 |a Authors, Arab  |z Tunisia  |v Biography 
880 1 |6 100-01/(3/r  |a ذوادي، رشيد 
880 1 |6 245-02/(3/r  |a أدباء تونسيون ‪‪‪‪‪‪‪‪‪‪‪‪‪  |c رشدي ذواري‪‪‪‪‪‪.‪‪‪‪‪‪‪ 
901 |a reviewed 
942 |c BK  |2 lcc